000 00297nam a22001337a 4500
008 170605b xxu||||| |||| 00| 0 eng d
020 _ax0001uiitf
041 _aeng
080 _25TH
_a94(100)
100 _a18
101 _aSHH
245 _aTHE GLOBAL EXPERIENCE
_cRILEY,PH.F
942 _2udc
_cBK
999 _c15839
_d15839